<?xml version="1.0" encoding="UTF-8"?>
<marc:record xmlns:marc="http://www.loc.gov/MARC21/slim">
   <marc:leader>00000nam a2200000 a 4500</marc:leader>
   <marc:datafield ind1="1" ind2=" " tag="100">
      <marc:subfield code="a">Svensson, Angelika</marc:subfield>
      <marc:subfield code="4">aut</marc:subfield>
      <marc:subfield code="e">Verfasser/-in</marc:subfield>
   </marc:datafield>
   <marc:datafield ind1=" " ind2=" " tag="653">
      <marc:subfield code="a">Deutsche Literatur</marc:subfield>
   </marc:datafield>
   <marc:datafield ind1=" " ind2=" " tag="653">
      <marc:subfield code="a">Norddeutscher Krimi</marc:subfield>
   </marc:datafield>
   <marc:datafield ind1=" " ind2=" " tag="653">
      <marc:subfield code="a">Kiel</marc:subfield>
   </marc:datafield>
   <marc:datafield ind1="0" ind2="0" tag="245">
      <marc:subfield code="a">Küstentod 4</marc:subfield>
   </marc:datafield>
   <marc:datafield ind1="0" ind2="0" tag="245">
      <marc:subfield code="b">EFall für Kommissarin Sanders</marc:subfield>
   </marc:datafield>
   <marc:datafield ind1="0" ind2="0" tag="245">
      <marc:subfield code="c">Angelika Svensson</marc:subfield>
   </marc:datafield>
   <marc:datafield ind1=" " ind2="1" tag="264">
      <marc:subfield code="a">München</marc:subfield>
      <marc:subfield code="b">Knaur</marc:subfield>
      <marc:subfield code="c">2018</marc:subfield>
   </marc:datafield>
   <marc:datafield ind1="1" ind2=" " tag="490">
      <marc:subfield code="a">Kommissarin Sanders</marc:subfield>
   </marc:datafield>
   <marc:datafield ind1=" " ind2=" " tag="250">
      <marc:subfield code="a">Orig.-Ausg.</marc:subfield>
   </marc:datafield>
   <marc:datafield ind1="1" ind2=" " tag="520">
      <marc:subfield code="a">Ein Ostseeküsten-Krimi mit dem beliebten Kieler Ermittlerteam.&lt;br/&gt;Lisa Sanders von der Kieler Mordkommission und ihre Kollegen ermitteln in einem Fall von besonderer Brisanz, bei dem drei Richter einem Tötungsdelikt zum Opfer fielen. Zunächst sieht alles danach aus, als stamme der Täter aus dem beruflichen Umfeld der Toten, da alle drei häufig wegen ihrer milden Urteile in der Kritik standen. Doch als Lisa im Privatleben der drei Richter eine weitere verstörende Gemeinsamkeit entdeckt, gerät plötzlich eine Person ins Visier, die einer an den Ermittlungen beteiligten Polizeibeamtin viel zu nahe steht ...&lt;br/&gt;Von Seiten der Staatsanwaltschaft hat Thomas von Fehrbach den Fall übernommen. Er ahnt nicht, dass er unter Beobachtung von Jegor Stepanow steht, dem Mann, dessen Bruder Lew er während seiner Dienstzeit in Frankfurt hinter Gitter gebracht und der ihm bei seiner Verurteilung Rache geschworen hat. [Verlagsmeldung]</marc:subfield>
   </marc:datafield>
   <marc:datafield ind1=" " ind2=" " tag="020">
      <marc:subfield code="a">9783426521656</marc:subfield>
      <marc:subfield code="9">9783426521656</marc:subfield>
   </marc:datafield>
   <marc:datafield ind1=" " ind2=" " tag="041">
      <marc:subfield code="a">ger</marc:subfield>
   </marc:datafield>
   <marc:datafield ind1="1" ind2=" " tag="521">
      <marc:subfield code="a">0</marc:subfield>
   </marc:datafield>
   <marc:datafield ind1=" " ind2=" " tag="300">
      <marc:subfield code="a">397 S.</marc:subfield>
   </marc:datafield>
</marc:record>
